Dosahy historického vývoja na environmentálny rozmer podnikateľských stratégií firiem v Európskej únii a na Slovensku
Environmentálna politika a skvalitňovanie vzťahov so životným prostredím. Vývoj environmentálneho rozmeru stratégií firiem v Európskej únii a na Slovensku z pohľadu verejného a súkromného rámca.
Guardado en:
| Autor principal: | |
|---|---|
| Formato: | Capítulo de libro |
| Lenguaje: | eslovaco |
| Materias: | |
| Etiquetas: |
Sin Etiquetas, Sea el primero en etiquetar este registro!
|
MARC
| LEADER | 00000naa$a2200000$$$4500 | ||
|---|---|---|---|
| 001 | 0195527 | ||
| 005 | 20240502073259.5 | ||
| 041 | 0 | |a slo | |
| 044 | |a SK | ||
| 245 | 1 | 0 | |a Dosahy historického vývoja na environmentálny rozmer podnikateľských stratégií firiem v Európskej únii a na Slovensku |c Lenka Šprochová |
| 520 | |a Environmentálna politika a skvalitňovanie vzťahov so životným prostredím. Vývoj environmentálneho rozmeru stratégií firiem v Európskej únii a na Slovensku z pohľadu verejného a súkromného rámca. | ||
| 610 | 2 | 0 | |a Európska únia |
| 610 | 2 | 0 | |a Slovensko |
| 610 | 2 | 0 | |a politika environmentálna |
| 610 | 2 | 0 | |a ekonomika environmentálna |
| 610 | 2 | 0 | |a náklady ekologické |
| 610 | 2 | 0 | |a ochrana prostredia životného |
| 610 | 2 | 0 | |a manažment environmentálny |
| 100 | 1 | |a Šprochová, Lenka | |